000 00541nam a2200193Ia 4500
003 LK-CoDNM
008 010623t2005 xxu||||| |||| 00| 1 sin d
040 _aLK-CoDNM
_dLK-CoDNM
_eLK-CoDNM
041 _asin
080 _a82-09
_bDIS
100 _aDissanayaka, Wimal
245 _aසමිප්‍ර‍ධාය හා නව ත්වය
246 _aSampradaya haa navyathvaya
260 _bSarasavi prakashakayo
_aNugegoda
_c2005
300 _b68, 22 cm
650 _aLiterature
700 _aPerera, Sunil Sarath
942 _cBK
999 _c125222
_d125222